000 00629nam a22002057a 4500
999 _c14586
_d14586
003 AR-CdUCM
008 190423b ||||| |||| 00| 0 spa d
020 _a978-84-9145-012-2
040 _aMUNICIPALIDAD PROVINCIAL DEL CUSCO
_cBIBLIOTECA MUNICIPAL DEL CUSCO
041 _heng
082 _aPI / 800 /
_bN53
100 _aNichols, Lori
_933422
245 _aArce y sauce separadas /
260 _aBarcelona :
_bPicarona,
_c2015.
300 _a30 páginas ;
_bIlustraciones,
_c24 cm.
650 _aLiteratura infantil
_9588
700 _aDelgado, Joana (traducción)
_933423
942 _2ddc
_cLIBROS
945 _aacv
_d2019-04-23